000 00455nam a2200181Ia 4500
001 14165
005 20260306164854.0
008 260306t2001||||xx |||||||||||||| ||spa||
041 _aESP
082 _a510
_bCH532
100 _aChávez Salvador, Jorge
_eAUT
245 0 _aEjercicios y problemas de matemática básica II
260 _c2001
300 _axxii, 193 páginas :
_c23 cm.
650 _aGEN
654 _aCMA
942 _cLIB
_dJUS
_fJUS
_2ddc
_n
999 _c14165
_d14165